| 000 | 01437cam a2200301 a 4500 | ||
|---|---|---|---|
| 001 | 14529250 | ||
| 005 | 20081126134229.0 | ||
| 008 | 060831s2008 maua 001 0 eng | ||
| 010 | _a 2006051369 | ||
| 020 | _a032148987X | ||
| 040 |
_aDLC _cDLC _dDLC |
||
| 050 | 0 | 0 |
_aQA303.2 _b.W45 2010 |
| 100 | 1 | _aWeir, Maurice D. | |
| 245 | 1 | 0 |
_aThomas' calculus / _cbased on the original work by George B. Thomas, Jr., as revised by Maurice D. Weir, Joel Haas, Frank R. Giordano. |
| 250 | _a12th ed. | ||
| 260 |
_aBoston : _bPearson Addison Wesley, _cc2010. |
||
| 300 |
_a1 v. (various pagings) : _bill. (some col.) ; _c26 cm. |
||
| 500 | _aUpdated 10th ed. revised by Ross L. Finney, Maurice D. Weir, and Frank R. Giordano | ||
| 500 | _aIncludes index. | ||
| 650 | 0 |
_aCalculus _vTextbooks. |
|
| 700 | 1 | _aHass, Joel. | |
| 700 | 1 |
_aThomas, George B. _q(George Brinton), _d1914-2006. |
|
| 906 |
_a7 _bcbc _corignew _d1 _eocip _f20 _gy-gencatlg |
||
| 942 |
_2lcc _cBK |
||
| 999 |
_c39172 _d39172 |
||